000 01071pam a2200301 a 4500
001 4803646
003 ARRUPE
005 20150121124121.0
008 880620s1988 wiuab b s001 0 eng
010 _a 88040192
020 _a029911550X :
_c$47.50
020 _a0299115542 (pbk.)
040 _aDLC
_cDLC
_dDLC
043 _af------
050 0 0 _aHT1323
_b.E53 1988
082 0 0 _a306/.362/096
_219
245 0 4 _aThe End of slavery in Africa /
_cedited by Suzanne Miers and Richard Roberts.
260 _aMadison, Wis. :
_bUniversity of Wisconsin Press,
_cc1988.
300 _axx, 524 p. :
_bill., maps ;
_c24 cm.
504 _aIncludes bibliographies and index.
650 0 _aSlavery
_zAfrica
_xHistory
_y19th century.
_914475
650 0 _aSlavery
_zAfrica
_xHistory
_y20th century.
_914476
700 1 _aMiers, Suzanne.
_914477
700 1 _aRoberts, Richard L.,
_d1949-
_914478
856 4 2 _3Publisher description
_uhttp://www.loc.gov/catdir/enhancements/fy0608/88040192-d.html
906 _a7
_bcbc
_corignew
_d1
_eocip
_f19
_gy-gencatlg
942 _2lcc
_cMONOGRAPH
999 _c121850
_d121850